| 000 | 00000nam 2200000za 4500 |
| 001 | 9.830946 |
| 003 | CaOODSP |
| 005 | 20221107145636 |
| 007 | cr ||||||||||| |
| 008 | 170120s2016 onc #o f001 0 eng d |
| 040 | |aCaOODSP|beng |
| 043 | |an-cn--- |
| 086 | 1 |aRv4-78/2016E-PDF |
| 245 | 00|aIncome tax guide for electing under section 216, 2016 |h[electronic resource]. |
| 260 | |a[Ottawa] : |bCanada Revenue Agency, |c2016. |
| 300 | |a10 p. |
| 500 | |aIssued also in French under title: Guide d'impôt pour le choix prévu à l'article 216, 2016. |
| 520 | |a"This guide is for you if you were a non-resident of Canada (see the definition below) for all or part of 2016 and, while a non-resident, you: received rental income from real or immovable property in Canada; received timber royalties on a timber resource property or a timber limit in Canada; or disposed of rental property (Canadian real or immovable property, timber resource property, or timber limit) for which you had previously claimed capital cost allowance (CCA) on a section 216 return and, as a result of the disposition, you have a recapture of that CCA." -- Is this guide for you? p. 2. |
| 692 | 07|2gccst|aIncome tax |
| 692 | 07|2gccst|aHandbooks |
| 710 | 2 |aCanada Revenue Agency. |
| 775 | 08|tGuide d'impôt pour le choix prévu à l'article 216, 2016 |w(CaOODSP)9.830947 |
| 856 | 40|qPDF|s153 KB|uhttps://publications.gc.ca/collections/collection_2017/arc-cra/Rv4-78-2016-eng.pdf |
| 986 | |aT4144(E) Rev. 16 |